000 00477cam a2200157 4500
008 121116n 000 0 eng u
022 _a0008-5472
035 _a(Sirsi) a177737
050 _aRC 261.C3R4
245 _aCancer reserch:
_b A journal of the American Association for cancer research
260 _aBaltimore,
_bNIECOS,
_c 1991
310 _aSemimonth
340 _aPeriodical
362 _aVol. 51, Nos.1-23,( 1991) - V0l. 56, Nos,1-17, (1996).
650 _aCancer
999 _c49066
_d49066